000 00398nam a22001577a 4500
003 NUST - PNEC
005 20170116181113.0
008 151004b xxu||||| |||| 00| 0 eng d
040 _cLIBRARY
082 _a891.439 ILY
100 _913062
_aSeetapuri, Ilyas
245 _aAndar ka aadmi
_cSeetapuri, Ilyas
260 _c2014
650 _913060
_aUrdu literature
_xGeneral book
942 _2ddc
_cBK
999 _c69225
_d69225